A. WESLEY POWELL LEARNING RESOURCE CENTRE (WPLRC)

Wonderful Place to Learn, Research & Collaborate

The Macro Economy today (Record no. 7155)

MARC details
000 -LEADER
fixed length control field nam a22 7a 4500
001 - ACCESSION NUMBER
control field 46472, 46473
003 - CONTROL NUMBER IDENTIFIER
control field OSt
005 - DATE AND TIME OF LATEST TRANSACTION
control field 20170613111516.0
008 - FIXED-LENGTH DATA ELEMENTS--GENERAL INFORMATION
fixed length control field 170613b xxu||||| |||| 00| 0 eng d
020 ## - INTERNATIONAL STANDARD BOOK NUMBER
International Standard Book Number 9780077416478
040 ## - CATALOGING SOURCE
Transcribing agency DDC
082 ## - DEWEY DECIMAL CLASSIFICATION NUMBER
Classification number CR/ 339/ SCH
100 ## - MAIN ENTRY--PERSONAL NAME
Relator code Schiller, Bradley
245 ## - TITLE STATEMENT
Title The Macro Economy today
260 ## - PUBLICATION, DISTRIBUTION, ETC. (IMPRINT)
Place of publication, distribution, etc. New York
Name of publisher, distributor, etc. McGraw Hill
Date of publication, distribution, etc. 2013
300 ## - PHYSICAL DESCRIPTION
Extent xxix, Various pages
Other physical details McGraw-Hill Series
Dimensions 27 cm
500 ## - GENERAL NOTE
General note Includes glossary, Reference and Table
600 ## - SUBJECT ADDED ENTRY--PERSONAL NAME
Source of heading or term Maroeconomics
610 ## - SUBJECT ADDED ENTRY--CORPORATE NAME
Source of heading or term Cynthia Hill
942 ## - ADDED ENTRY ELEMENTS (KOHA)
Source of classification or shelving scheme Dewey Decimal Classification
Koha item type Books
Holdings
Withdrawn status Lost status Source of classification or shelving scheme Damaged status Not for loan Home library Current library Date acquired Total Checkouts Full call number Barcode Date last seen Price effective from Koha item type
    Dewey Decimal Classification     Camp Road Library Camp Road Library 06/13/2017   CR/ 339 SCH 46473 06/13/2017 06/13/2017 Books
    Dewey Decimal Classification     Camp Road Library Camp Road Library 06/13/2017   CR/ 339/ SCH 46472 06/13/2017 06/13/2017 Books
    Dewey Decimal Classification     Wesley Powell Learning Resource Centre Wesley Powell Learning Resource Centre 06/15/2017   339/ SCH 46465 06/15/2017 06/15/2017 Books
    Dewey Decimal Classification     Wesley Powell Learning Resource Centre Wesley Powell Learning Resource Centre 06/15/2017   339/ SCH 46466 06/15/2017 06/15/2017 Books
    Dewey Decimal Classification     Wesley Powell Learning Resource Centre Wesley Powell Learning Resource Centre 06/15/2017   339/ SCH 46467 06/15/2017 06/15/2017 Books
    Dewey Decimal Classification   Not For Loan Wesley Powell Learning Resource Centre Wesley Powell Learning Resource Centre 06/15/2017   R/ 339/ SCH 46470 06/15/2017 06/15/2017 Books
    Dewey Decimal Classification   Not For Loan Wesley Powell Learning Resource Centre Wesley Powell Learning Resource Centre 06/15/2017   R/ 339/ SCH 46471 06/15/2017 06/15/2017 Books
    Dewey Decimal Classification     Wesley Powell Learning Resource Centre Wesley Powell Learning Resource Centre 06/15/2017   RBC/ 339/ SCH 46468 06/15/2017 06/15/2017 Books
    Dewey Decimal Classification     Wesley Powell Learning Resource Centre Wesley Powell Learning Resource Centre 06/15/2017   RBC/ 339 SCH 46469 06/15/2017 06/15/2017 Books